000 00809nam a2200217 i 4500
001 81029
003 ES-MaACL
005 20250716043821.0
007 t|
008 041102s1985 sp ||||1| spa d
020 _a968-451-771-8
100 1 _aHoffmann, Laurence D.
_963953
245 1 0 _aCálculo aplicado para administración, economía, contaduría y ciencias sociales /
_cLawrence D. Hoffmann ; traducción, Mariano J. Soler Dorda ; revisión técnica, Lorenzo Abellanas Rapun, Víctor Hugo Prieto Bernal.
260 _aBarcelona :
_bMcGraw-Hill,
_c1985.
300 _aXI, 692 p. ;
_c24 cm.
700 1 _aSoler Dorda, Mariano J.
_9107174
700 1 _aAbellanas, Lorenzo,
_918072
700 1 _aPrieto Bernal, Víctor Hugo
_993915
852 _aES-MaACL
_jL-7732
_bR.108344
999 _c81029
_d81029